| 000 | 01858cam a2200385 a 4500 | ||
|---|---|---|---|
| 999 |
_c24037 _d24037 |
||
| 001 | 15021638 | ||
| 003 | OSt | ||
| 005 | 20170127152617.0 | ||
| 008 | 070925s2008 caua b s001 0 eng | ||
| 010 | _a 2007039516 | ||
| 015 |
_aGBA799431 _2bnb |
||
| 016 | 7 |
_a014464050 _2Uk |
|
| 020 | _a9780520241121 (cloth : alk. paper) | ||
| 020 | _a0520241126 (cloth : alk. paper) | ||
| 035 | _a(OCoLC)ocn173502767 | ||
| 035 | _a(OCoLC)173502767 | ||
| 040 |
_aDLC _cDLC _dBAKER _dBTCTA _dUKM _dYDXCP _dC#P _dBWX _dCDX _dDLC |
||
| 043 | _an-us--- | ||
| 050 | 0 | 0 |
_aNX730 _b.I93 2008 |
| 082 | 0 | 0 |
_a700.1/0309073 _222 |
| 100 | 1 |
_aIvey, Bill J., _d1944- |
|
| 245 | 1 | 0 |
_aArts, Inc. : _bhow greed and neglect have destroyed our cultural rights / _cBill Ivey. |
| 260 |
_aBerkeley : _bUniversity of California Press, _cc2008. |
||
| 300 |
_axx, 342 p. : _bill. ; _c24 cm. |
||
| 504 | _aIncludes bibliographical references (p. 323-328) and index. | ||
| 505 | 0 | _aThe Cultural Bill of Rights -- Preface -- Introduction -- Heritage -- Artists -- A creative life -- America, art, and the world -- Art of lasting value -- Strong, responsible institutions -- The failure of government -- Conclusion: bridging the cultural divide. | |
| 650 | 0 |
_aArt and state _zUnited States. |
|
| 650 | 0 |
_aArt and society _zUnited States. |
|
| 650 | 0 |
_aCultural property _zUnited States. |
|
| 650 | 0 |
_aArts _xEconomic aspects _zUnited States. |
|
| 650 | 0 |
_aArts _xPolitical aspects _zUnited States. |
|
| 856 | 4 | 1 |
_3Table of contents only _uhttp://www.loc.gov/catdir/toc/ecip0727/2007039516.html |
| 906 |
_a7 _bcbc _corignew _d1 _eecip _f20 _gy-gencatlg |
||
| 942 |
_2lcc _cBOOKS _hNX 730 .I93 2008 |
||